| 000 | 00000nam 2200000zi 4500 |
| 001 | 9.946980 |
| 003 | CaOODSP |
| 005 | 20250303103444 |
| 006 | m o d f |
| 007 | cr |n||||||||| |
| 008 | 250116s1954 oncad o f000 0 eng d |
| 040 | |aCaOODSP|beng|erda|cCaOODSP |
| 043 | |an-cn-ns |
| 086 | 1 |aA52-248/1954E-PDF |
| 086 | 1 |zA51-89E-PDF |
| 100 | 1 |aWilliams, S. B., |eauthor. |
| 245 | 10|aDominion Experimental Farm, Nappan, N.S. : |bprogress report — 1948-1952 / |cS. B. Williams. |
| 246 | 16|aReport of the Dominion Experimental Farm, Nappan, N.S. |
| 264 | 1|aOttawa, Canada : |bMinister of Agriculture, |c[1954] |
| 300 | |a1 online resource (53 pages) : |billustrations, chart |
| 336 | |atext|btxt|2rdacontent |
| 337 | |acomputer|bc|2rdamedia |
| 338 | |aonline resource|bcr|2rdacarrier |
| 500 | |aDigitized edition from print [provided by Agriculture and Agri-Food Canada]. |
| 610 | 10|aCanada. |bExperimental Farm (Nappan, N.S.) |
| 610 | 15|aCanada. |bFerme expérimentale (Nappan, N.-É.) |
| 650 | 0|aAgricultural experiment stations|zNova Scotia|zNappan. |
| 650 | 6|aStations agronomiques|zNouvelle-Écosse|zNappan. |
| 710 | 1 |aCanada. |bExperimental Farm (Nappan, N.S.), |eissuing body. |
| 710 | 1 |aCanada. |bExperimental Farms Service, |eissuing body. |
| 856 | 40|qPDF|s9.76 MB|uhttps://publications.gc.ca/collections/collection_2024/aac-aafc/A51-89-1948-eng.pdf |
| 986 | |a10M—18262-2-54 |